Music Quiz

Random Music or Artist Quiz

Bad Romance Wants Quiz Stats

 Plays Quiz Updated Dec 16, 2018

     
Support Sporcle.
Go Orange.
Score 0/14 Timer 04:00
0 Plays Today
% Correct
Love(ing)
96.7%
Revenge
77.8%
Disease
66.5%
Bad romance
61.6%
Everything (as long as its free)
57.2%
Ugly
53.9%
Psycho
53.2%
% Correct
Leather-studded kiss (in the sand)
50.3%
Vertigo stick
49.4%
You
47.5%
Horror
42.2%
Drama (The touch of your hand)
41.8%
Design
36.3%
You in my rear window (Baby you're sick)
20.3%

From the Vault

Top Country Per Language

by Jam1

Native speakers of pig latin are going to feel a little left out.
Remove Ads.
Support Sporcle.
Get the best of Sporcle when you Go Orange. This ad-free experience offers more features, more stats, and more fun while also helping to support Sporcle. Thank you for becoming a member.

Show Comments

Extras

Top Quizzes Today


Score Distribution

Your Account Isn't Verified!

In order to create a playlist on Sporcle, you need to verify the email address you used during registration. Go to your Sporcle Settings to finish the process.

Report this User

Report this user for behavior that violates our Community Guidelines.

Details: